Visualizzazione normale
Vista MARC
- Max Mandel
di Personal Name
Records bibliografici associati: 1
001 - CONTROL NUMBER
- control field: 34035
003 - CONTROL NUMBER IDENTIFIER
- control field: IT-RoPau
005 - DATE AND TIME OF LATEST TRANSACTION
- control field: 20141010092703.0
008 - FIXED-LENGTH DATA ELEMENTS
- fixed length control field: 141010|| aca||aabn | a|a d
040 ## - CATALOGING SOURCE
- Original cataloging agency: IT-RoPau
- Transcribing agency: IT-RoPau
100 ## - HEADING--PERSONAL NAME
- Personal name: Max Mandel
670 ## - SOURCE DATA FOUND
- Source citation: Work cat.: (IT-RoPau)10893: Roncalli, Marco-Mandel, Max 34034, Il Tigri e l'Eufrate i fiumi del paradiso, 1993